Vývojové zmeny postavenia Indie v globálnej ekonomike 21. storočia diplomová práca

Enregistré dans:
Détails bibliographiques
Auteur principal: Tóth, Peter
Collectivité auteur: Fakulta medzinárodných vzťahov EU. Katedra medzinárodných ekonomických vzťahov a hospodárskej diplomacie
Autres auteurs: Balhar, Víťazoslav
Format: Livre
Langue:slovaque
Publié: Bratislava 2009
Tags: Ajouter un tag
Pas de tags, Soyez le premier à ajouter un tag!

MARC

LEADER 00000nam$a2200000$$$4500
001 0104592
005 20240318141012.7
041 0 |a slo 
044 |a SK 
245 1 0 |a Vývojové zmeny postavenia Indie v globálnej ekonomike 21. storočia  |b diplomová práca  |c Peter Tóth ; škol. Víťazoslav Balhar 
264 1 |a Bratislava  |c 2009 
300 |a 73 s. 
100 1 |a Tóth, Peter 
700 1 |a Balhar, Víťazoslav 
710 2 |a Fakulta medzinárodných vzťahov EU. Katedra medzinárodných ekonomických vzťahov a hospodárskej diplomacie